2024 Football League Team Captains - Statistics

General Stats
  • This quiz has been taken 10 times
  • The average score is 19 of 91
Answer Stats
Club Position Answer % Correct
Manchester United MF Bruno Fernandes
88%
Manchester City Multiple Kyle Walker, Ruben Dias, Kevin de Bruyne, Rodri, Bernardo Silva
88%
Arsenal MF Martin Ødegaard
75%
Tottenham Hotspur FW Son Heung-min
75%
Liverpool DF Virgil van Dijk
75%
Aston Villa MF John McGinn
63%
Brighton & Hove Albion DF Lewis Dunk
50%
Chelsea DF Reece James
50%
West Ham United DF Kurt Zouma
38%
Port Vale DF Nathan Smith
38%
Luton Town DF Tom Lockyer
38%
Preston North End MF Alan Browne
25%
Salford City GK Alex Cairns
25%
Watford GK Daniel Bachmann
25%
Leyton Orient MF Darren Pratley
25%
Burnley MF Jack Cork
25%
Newcastle United DF Jamaal Lascelles
25%
Crystal Palace DF Joel Ward
25%
Fleetwood Town MF Josh Vela
25%
Leeds United DF Liam Cooper
25%
Wolverhampton Wanderers DF Max Kilman
25%
AFC Bournemouth GK Neto
25%
Bolton Wanderers DF Ricardo Almeida Santos
25%
Ipswich Town MF Sam Morsy
25%
Everton DF Séamus Coleman
25%
Cheltenham Town DF Sean Long
25%
Fulham MF Tom Cairney
25%
Mansfield Town DF Aden Flint
13%
Bristol City FW Andreas Weimann
13%
Reading DF Andy Yiadom
13%
Queens Park Rangers GK Asmir Begović
13%
Sheffield Wednesday MF Barry Bannan
13%
Crawley Town MF Ben Gladwin
13%
Stevenage DF Carl Piergianni
13%
Swindon Town FW Charlie Austin
13%
Shrewsbury Town DF Cheyenne Dunkley
13%
Brentford MF Christian Nørgaard
13%
Colchester United DF Connor Hall
13%
Derby County MF Conor Hourihane
13%
Sutton United MF Craig Eastmond
13%
Milton Keynes Dons DF Dean Lewington
13%
Birmingham City DF Dion Sanderson
13%
Forest Green Rovers DF Dom Bernard
13%
Morecambe DF Donald Love
13%
Walsall DF Donervon Daniels
13%
Oxford United DF Elliott Moore
13%
Charlton Athletic MF George Dobson
13%
Norwich City DF Grant Hanley
13%
Peterborough United MF Harrison Burrows
13%
Southampton DF Jack Stephens
13%
AFC Wimbledon MF Jake Reeves
13%
West Bromwich Albion MF Jed Wallace
13%
Wycombe Wanderers DF Joe Jacobson
13%
Cardiff City MF Joe Ralls
13%
Nottingham Forest DF Joe Worrall
13%
Burton Albion DF John Brayford
13%
Sheffield United DF John Egan
13%
Huddersfield Town MF Jonathan Hogg
13%
Middlesbrough MF Jonathan Howson
13%
Northampton Town DF Jon Guthrie
13%
Barnsley DF Jordan Williams
13%
Plymouth Argyle DF Joseph Edwards
13%
Harrogate Town MF Josh Falkingham
13%
Stoke City MF Josh Laurent
13%
Wigan Athletic FW Josh Magennis
13%
Notts County DF Kyle Cameron
13%
Hull City DF Lewie Coyle
13%
Blackburn Rovers MF Lewis Travis
13%
Coventry City MF Liam Kelly
13%
Crewe Alexandra DF Luke Offord
13%
Sunderland DF Luke O'Nien
13%
Grimsby Town DF Luke Waterfall
13%
Wrexham MF Luke Young
13%
Portsmouth MF Marlon Pack
13%
Swansea City MF Matt Grimes
13%
Cambridge United DF Michael Morrison
13%
Barrow DF Niall Canavan
13%
Blackpool MF Oliver Norburn
13%
Stockport County FW Paddy Madden
13%
Lincoln City DF Paudie O'Connor
13%
Carlisle United DF Paul Huntington
13%
Exeter City DF Pierce Sweeney
13%
Doncaster Rovers DF Richard Wood
13%
Bradford City MF Richie Smallwood
13%
Newport County DF Ryan Delaney
13%
Bristol Rovers MF Sam Finley
13%
Accrington Stanley MF Seamus Conneely
13%
Rotherham United DF Sean Morrison
13%
Millwall DF Shaun Hutchinson
13%
Gillingham MF Shaun Williams
13%
Tranmere Rovers DF Tom Davies
13%
No matching quizzes found
Score Distribution
Percent of People with Each Score
Percentile by Number Answered
Your Score History
You have not taken this quiz